000 00549nam a2200157Ia 4500
008 231221s9999 xx 000 0 und d
020 _a81-7224-963-2
041 _aEnglish
082 _a647.95 COO;1 R
100 _aCooper, Brian Floody, Brian McNeill, Gina
245 0 _aStart and run a profitable restaurant : turn your dream of owning a restaurant into a reality, discover how location, decor and menus affect your success, avoid costly mistakes
260 _c2002
_bJaico
_aMumbai
300 _axv+214
500 _aE.-509
942 _cHM
999 _c208134
_d208134